000 00427nam a2200181Ia 4500
005 20240823042100.0
008 240823s9999||||xx |||||||||||||| ||und||
041 _aENGLISH
082 _A621.3192 Q0
100 _aChakrabarti A
245 0 _aCircuit Theory
250 _a1st
260 _c2010
_b"Dhanpat Rai,Delhi"
500 _aTRANSFERED
650 _aElectric Circuits
_bElectrical
942 _cBK
999 _c207029
_d207029